| 000 | 00505nam a22001691a 4500 | ||
|---|---|---|---|
| 001 | 19039 | ||
| 003 | OSt | ||
| 005 | 20260204212435.0 | ||
| 008 | 190130s2005||||dr ||||||b||||||||||spa|| | ||
| 020 | _a9945412159 | ||
| 082 | _aRD 321 AM512l | ||
| 245 | _aAmérica latina ¿gobernabilidad amenazada?/Encuentro del Grupo Biarritz | ||
| 264 | _aSanto Domingo:Funglode | ||
| 300 | _a281 p. | ||
| 650 | _aGobernabilidad-América Latina 2.Democracia-América Latina-Seguridad InternacionalÌ | ||
| 942 |
_2ddc _cBK |
||
| 999 |
_c19039 _d19039 |
||